000 00310nam a2200133 a 4500
008 010604s1966||||xx 0 und c
040 _aSNK
_bslo
_cSNK
_eAACR2
100 1 _aDostojevskij, F. M.
245 1 0 _aHráč
260 _aBratislava
_bTatran
_c1966
044 _axo
_cSK
041 _aslo
020 _c17,50
999 _c10267
_d10267